00604nam a2200169Ia 4500008004100000020001800041041000800059082001800067100004300085245006200128250000600190260004100196300001500237650003100252999001900283952013200302210716s2011 xx 000 0 und d a9788126532148 aeng a005.7525 GRIG aGriffith, Geoffrey L;Bradly, Truitt L. aMicrosoft access 2010: 24 hour trainer.b24 hour trainer. a1 aNew DelhibWiley India Pvt Ltdc2011 axxxvii,512 aMicrosoft Windows(005.269) c191604d191604 001040708MCAaAIMITbAIMITeKnowledge Worldg599.00l0o005.7525 GRIGpMCA11112r2026-05-23 00:00:00v449.25w2021-07-16yBK